000 00694nam a2200253Ia 4500
003 OSt
005 20220918223324.0
006 a|||||r|||| 00| 0
007 ta
008 220917b |||||||| |||| 00| 0 eng d
024 _a221,923
037 _cTextual
040 _aARTS
_cARTS
_beng
041 _2eng
_aeng
082 _aO111,1N52:g, P4
100 _aPrasad G J V
_959637
245 0 _aVikram Seth
_b An anthology of recent criticism
260 _aDelhi
_bPencraft international
_c2004
300 _a185p
_ccm.
490 _aNew orientations
650 _aENGLISH LITERATURE
942 _hO111,1N52:g, P4
_cTEXL
_2CC
999 _c278119
_d278119